Cultura General en números #1 - Estadísticas

Estadísticas generales
  • Esta prueba ha sido intentada 118 veces
    103 desde el último reinicio
  • La puntuación promedio es 14 de 18
Estadísticas de respuestas
Pista Números % Correcto
¿Cuál era el número de camiseta de Maradona? 10
100%
¿Cuántos corazones tiene un pulpo? 3
100%
¿Cada cuántos años se juegan los Juegos Olímpicos? 4
100%
¿Cuántos enanos acompañaban a Blancanieves? 7
99%
¿Qué día de diciembre se celebra el día de Navidad? 25
98%
¿Cuántos Premios Nobel hay? 6
98%
¿Cuántos dálmatas persigue Cruella de Vil? 101
92%
¿Cuántos días tiene un año bisiesto? 366
90%
¿Cuántos eran los ladrones de Ali Baba? 40
84%
¿Cuantos kilómetros mide la Muralla China? 21
81%
¿Cuántas categorías de los Premios Óscar existen? 23
79%
¿Cuántos huesos tiene el cuerpo humano? 206
73%
¿Cuántos años duró la Guerra de los Cien Años? 116
70%
¿Cuántos países hay en el mundo (según la ONU)? 194
60%
¿Cuántos millones de Km2 se extendió el Imperio Británico? 35
59%
¿Cuántas noches “dura” el famoso libro árabe? 1001
50%
¿Cuántas subdivisiones tiene Rusia? 85
38%
¿Cuántas pirámides hay en Sudán (aproximadamente)? 255
14%
No se encontraron pruebas coincidentes
Distribución de puntuación
Porcentaje de gente con cada puntuación
Porcentaje por número respondido
Historial de tus puntuaciones
No has intentado esta prueba desde el último reinicio